Welcome to CU Library Online Public Access Catalogue (OPAC)

Taxmann's Elements of Financial Management/ (Record no. 2812)

MARC details
000 -LEADER
fixed length control field 00488nam a22001577a 4500
005 - DATE AND TIME OF LATEST TRANSACTION
control field 20250122143626.0
008 - FIXED-LENGTH DATA ELEMENTS--GENERAL INFORMATION
fixed length control field 250122b |||||||| |||| 00| 0 eng d
020 ## - INTERNATIONAL STANDARD BOOK NUMBER
International Standard Book Number 9788171946990
050 ## - LIBRARY OF CONGRESS CALL NUMBER
Classification number HF5657.4 RUS
100 ## - MAIN ENTRY--PERSONAL NAME
Personal name Rustagi R. P.
245 ## - TITLE STATEMENT
Title Taxmann's Elements of Financial Management/
Statement of responsibility, etc. R. P. Rustagi
260 ## - PUBLICATION, DISTRIBUTION, ETC.
Place of publication, distribution, etc. New Delhi
Name of publisher, distributor, etc. Taxmann Publication (P.) Ltd.
Date of publication, distribution, etc. 2010
300 ## - PHYSICAL DESCRIPTION
Extent (various pagings) 492p.
Other physical details ill.
Dimensions 24 cm 17.5 cm
650 ## - SUBJECT ADDED ENTRY--TOPICAL TERM
Source of heading or term Financial Management
942 ## - ADDED ENTRY ELEMENTS (KOHA)
Source of classification or shelving scheme Library of Congress Classification
Koha item type Books
Suppress in OPAC No
999 ## -
-- 2812
-- 2812
Holdings
Withdrawn status Lost status Source of classification or shelving scheme Damaged status Not for loan Collection Home library Current library Shelving location Date acquired Total checkouts Full call number Barcode Date last seen Copy number Price effective from Koha item type Public note
    Library of Congress Classification     Non-fiction Business Library (Miotso) Business Library (Miotso) General stacks 01/22/2025   HF5657.4 RUS BSSM00000528 01/22/2025 1 01/22/2025 Books  
    Library of Congress Classification     Non-fiction Undergraduate Library (Christ Temple) Undergraduate Library (Christ Temple) General stacks 02/19/2025   HF5657.4 RUS ulct00001277 02/19/2025 1 02/19/2025 Books  
    Library of Congress Classification       Undergraduate Library (Christ Temple) Undergraduate Library (Christ Temple) General stacks 02/20/2026   HF 5657.4 RUS GSCT00002770 02/20/2026 1 02/20/2026 Books EAQ
© 2023-2024 Copyright: Central University Libraries. All Rights Reserved | Created by: Mahone Tech Office